| 000 | 00981cab a2200301 4500 | ||
|---|---|---|---|
| 001 | WB3121-25 | ||
| 008 | 090401t1995 xxu||||| |||| 00| 0 eng d | ||
| 035 | _a(Sirsi) u17975 | ||
| 041 | _aeng | ||
| 245 | _aTeleworking poised to rise sharply | ||
| 260 | _c1995 | ||
| 350 | _a0 | ||
| 490 |
_aPlanning Week _v51(9) 1 June 1995, 7(1) |
||
| 520 | _aResearch from King Sturge shows that 13% of city centre office occupiers are using some form of teleworking 18% practice hotdesking. Inter-office computer networking, video- and teleconferencing facilities are also highlighted. | ||
| 650 | _aCOMPUTERS | ||
| 650 | _aFUTURE | ||
| 650 | _aHOTDESKING | ||
| 650 | _aNETWORKING | ||
| 650 | _aOCCUPIERS REQUIREMENTS | ||
| 650 | _aOFFICES | ||
| 650 | _aTELECONFERENCING | ||
| 650 | _aTELEWORKING | ||
| 650 | _aVIDEO CONFERENCING | ||
| 650 | _aWORKING FROM HOME | ||
| 690 | _aMANAGEMENT-BUSINESS MANAGEMENT-INFORMATION MANAGEMENT | ||
| 942 | _n0 | ||
| 948 | _c04/03/1997 | ||
| 999 |
_c11920 _d11920 |
||